000 01066nam2a2200241 4500
001 RU\NLR\BIBL_A\010673205
005 20250614083124.0
035 _a(NLR Aleph) 010673205
090 _a9615300
_c9615300
100 _a20150213d |||y0rusy50 ca
101 0 _alat
102 _aRU
200 1 _a... respondens Joh. Frideric. Jerzembski, Senb. Pr. ... die V. Septembr. anno MDCCXXIV.
215 _aะก. [1-2], 25-50
461 0 _1001RU\NLR\BIBL_A\010672762
_12001#$aDisputatio theologica ad Coloss. 1, 24. Pauli passiones ... exhibens, prior-[posterior]$v2
_99613471
_aBehm, J. (1687-1753)
_cRegiomonti [Kaliningrad]
_d[1724]
_fquam ... submittunt praeses Johannes Behm, S. S. Theol. Doct. ...
_ntypis Zaenckerianis
_tDisputatio theologica ad Coloss. 1, 24. Pauli passiones ... exhibens, prior-[posterior]
_v2
702 1 _6z01790
_aJerzembski
_bJ.F.
_gJohann Friedrich
_4570
790 1 _6z01702
_aJerzembski
_gJoh. Frideric.
_4570
852 _aNLR
_j16.158.1.48f
942 _cBOOK
980 _aNB
980 _ain1719v